[Event "Irkutsk Region-ch"]
[Site "Irkutsk"]
[Date "2017.10.22"]
[Round "2"]
[White "Domarovsky, Sergey"]
[Black "Krivonos, Nikolay"]
[Result "0-1"]
[WhiteElo "1894"]
[BlackElo "2162"]
[PlyCount "67"]
[EventDate "2017.10.21"]
[EventType "swiss"]
[EventRounds "9"]
[EventCountry "RUS"]
[SourceTitle "CBM 181 Extra"]
[Source "ChessBase"]
[SourceDate "2017.12.12"]
[SourceVersion "1"]
[SourceVersionDate "2017.12.12"]
[SourceQuality "1"]

1. e4 d5 2. exd5 Qxd5 3. Nc3 Qa5 4. g3 c6 5. Bg2 Nf6 6. Nf3 Qh5 7. b3 Bh3 8. 0-0 Bxg2 9. Kxg2 e6 10. Bb2 Nbd7 11. Qe2 Be7 12. Ne4 0-0 13. Rfe1 Rad8 14. Neg5 h6 15. Nh3 Bd6 16. d4 Rfe8 17. Ne5 Qxe2 18. Rxe2 Nd5 19. c4 Nb4 20. a3 Bxe5 21. dxe5 Nd3 22. Bd4 N7c5 23. Bxc5 Nxc5 24. b4 Na4 25. Rc2 Rd4 26. f4 Red8 27. Raa2 Nb6 28. c5 Nc4 29. Kf2 Re4 30. Ng1 Rd3 31. a4 Ne3 32. Re2 Nd1+ 33. Kf1 Rxb4 34. Ke1 0-1

[Event "Irkutsk Region-ch"]
[Site "Irkutsk"]
[Date "2017.10.22"]
[Round "3"]
[White "Krivonos, Nikolay"]
[Black "Telelyaev, Alexander"]
[Result "1-0"]
[WhiteElo "2162"]
[BlackElo "1973"]
[PlyCount "177"]
[EventDate "2017.10.21"]
[EventType "swiss"]
[EventRounds "9"]
[EventCountry "RUS"]
[SourceTitle "CBM 181 Extra"]
[Source "ChessBase"]
[SourceDate "2017.12.12"]
[SourceVersion "1"]
[SourceVersionDate "2017.12.12"]
[SourceQuality "1"]

1. c4 e5 2. Nc3 Nf6 3. g3 Bb4 4. Bg2 Bxc3 5. bxc3 0-0 6. Nf3 Re8 7. 0-0 e4 8. Ne1 h6 9. Nc2 Nc6 10. Ne3 d6 11. d3 Rb8 12. Rb1 Na5 13. Ba3 Bd7 14. Re1 b6 15. Qc2 exd3 16. exd3 Bc6 17. Nd5 Bd7 18. Rxe8+ Bxe8 19. Re1 Nxd5 20. cxd5 Nb7 21. c4 Nc5 22. d4 Nd7 23. Bc1 Nf8 24. h4 Qf6 25. Re4 Bd7 26. Rf4 Qe7 27. Kh2 Re8 28. Re4 Qf6 29. Rxe8 Bxe8 30. Be3 Bd7 31. c5 dxc5 32. dxc5 Bf5 33. Qa4 Nd7 34. Qxa7 Ne5 35. f3 Nc4 36. Bc1 Qc3 37. Bf4 g5 38. hxg5 hxg5 39. Qb8+ Kg7 40. Bxg5 Ne3 41. Bxe3 Qxe3 42. Qd8 Qxc5 43. Qg5+ Bg6 44. f4 Qc2 45. Qe5+ Kf8 46. a3 Bd3 47. Qe1 Qe2 48. Qxe2 Bxe2 49. Kg1 Ke7 50. Kf2 Bd1 51. Bf3 Bb3 52. Ke3 Kd6 53. Kd4 f5 54. Bg2 Bc2 55. Bf3 Bb3 56. Bh1 Bd1 57. Bg2 Bg4 58. Bf1 Bf3 59. Bc4 Bd1 60. Ba2 Bg4 61. Bb1 Bh3 62. Bd3 Bg4 63. Kc4 Bh3 64. Bc2 Bg4 65. Bb1 Bh3 66. Kd4 Bg4 67. Ba2 Bf3 68. Bc4 Bg4 69. Bf1 Bf3 70. Bh3 Be4 71. Bg4 Bc2 72. Bh5 Bb3 73. Bg6 Bxd5 74. Bxf5 c5+ 75. Kc3 Bg8 76. g4 Kd5 77. Bd3 Kd6 78. Bc4 Bh7 79. g5 Ke7 80. Kd2 Bg6 81. Ke3 Bf5 82. Bd3 Be6 83. f5 Bb3 84. Be4 b5 85. Bc6 b4 86. a4 Bc2 87. f6+ Ke6 88. Bd5+ Kd6 89. a5 1-0

[Event "EU-chT Railways USIC 19th"]
[Site "St Petersburg"]
[Date "2016.07.06"]
[Round "2.4"]
[White "Michel, Steffen"]
[Black "Krivonos, Nikolay"]
[Result "1/2-1/2"]
[WhiteElo "2109"]
[BlackElo "2162"]
[PlyCount "142"]
[EventDate "2016.07.05"]
[EventType "team-swiss"]
[EventRounds "5"]
[EventCountry "RUS"]
[SourceTitle "EXT 2020"]
[Source "ChessBase"]
[SourceDate "2019.10.17"]
[SourceVersion "1"]
[SourceVersionDate "2019.10.17"]
[SourceQuality "1"]
[WhiteTeam "Germany (rail)"]
[BlackTeam "Russia (rail)"]
[WhiteTeamCountry "GER"]
[BlackTeamCountry "RUS"]

1. d4 f5 2. Nc3 d5 3. a3 e6 4. Nf3 c6 5. Bf4 Nf6 6. e3 Be7 7. Be2 0-0 8. Ne5 Nbd7 9. 0-0 Nxe5 10. Bxe5 Bd7 11. Na2 Be8 12. c4 Kh8 13. c5 Nd7 14. Bg3 g5 15. f4 gxf4 16. Bxf4 Nf6 17. Nc3 b5 18. b4 a5 19. Be5 Kg8 20. Qe1 a4 21. Qg3+ Bg6 22. Bc7 Qe8 23. Bf3 Rf7 24. Bf4 Kh8 25. Ne2 Bh5 26. Be5 Bxf3 27. Rxf3 Rg7 28. Qe1 Ra7 29. Rg3 Bd8 30. Nf4 Kg8 31. Ra2 Rxg3 32. Qxg3+ Rg7 33. Qe1 Rg5 34. Nd3 Nd7 35. Bg3 Rg4 36. Rf2 Bg5 37. Rf3 Bh6 38. Ne5 Nxe5 39. Bxe5 Qh5 40. Bf4 Bg7 41. Rg3 Qh4 42. Qf2 Kf7 43. Qf3 Rxg3 44. Bxg3 Qg4 45. Kf2 Bf6 46. h3 Qg5 47. Ke2 Qh6 48. Bh2 Qg5 49. Bf4 Qh4 50. Bg3 Qe4 51. Qxe4 dxe4 52. Be5 Bh4 53. g3 Bg5 54. Kf2 Kg6 55. Bc7 h5 56. h4 Bh6 57. Ke2 Bf8 58. Bf4 Be7 59. Kd2 Bd8 60. Be5 Kf7 61. Ke2 Ke7 62. Kd2 Kd7 63. Ke2 Bc7 64. Kd2 Bd8 65. Ke2 Ke8 66. Kd2 Be7 67. Ke2 Bf8 68. Kd2 Kf7 69. Ke2 Bh6 70. Kf2 Kg6 71. Ke2 Kf7 1/2-1/2

[Event "Irkutsk Region-ch"]
[Site "Irkutsk"]
[Date "2015.11.19"]
[Round "6"]
[White "Ergeshov, Timur"]
[Black "Krivonos, Nikolay"]
[Result "0-1"]
[WhiteElo "2201"]
[BlackElo "2146"]
[PlyCount "136"]
[EventDate "2015.11.14"]
[EventType "swiss"]
[EventRounds "9"]
[EventCountry "RUS"]
[SourceTitle "CBM 169 Extra"]
[Source "ChessBase"]
[SourceDate "2015.12.18"]
[SourceVersion "1"]
[SourceVersionDate "2015.12.18"]
[SourceQuality "1"]

1. d4 d5 2. c4 c6 3. cxd5 cxd5 4. Nc3 Nc6 5. Bf4 Nf6 6. e3 e6 7. Bd3 Bd6 8. Bxd6 Qxd6 9. f4 0-0 10. Nf3 a6 11. 0-0 Bd7 12. Rc1 Rac8 13. Ne5 Na7 14. Qe2 Rfd8 15. g4 Be8 16. Rc2 Nd7 17. Nf3 Nc6 18. a3 Na5 19. b4 Nc4 20. Bxc4 Rxc4 21. Rfc1 Rdc8 22. Na4 Nf6 23. Nc5 Rxc2 24. Rxc2 Nxg4 25. h3 Bb5 26. Qd2 Nf6 27. Nxb7 Qb8 28. Nc5 Ne4 29. Qc1 Nd6 30. Nd2 Qc7 31. Rc3 Qd8 32. a4 Bc4 33. Nxc4 dxc4 34. Qe1 Ra8 35. Rc2 Qb6 36. Rg2 Nf5 37. Qc3 Rd8 38. Re2 Qc6 39. Rf2 h6 40. Qxc4 Nxe3 41. Qxa6 Qd5 42. Qd3 Nf5 43. Nb3 Qd6 44. Qc4 Ne3 45. Qc5 Qa6 46. Qa5 Qc8 47. Qc5 Qd7 48. b5 Rc8 49. Qe5 Rc3 50. Nc5 Qd8 51. Rf3 Nc4 52. Qe4 Nd2 53. Rxc3 Nxe4 54. Nxe4 Qxd4+ 55. Kh2 Qxe4 56. Rc8+ Kh7 57. b6 Qxf4+ 58. Kg2 Qxa4 59. b7 Qe4+ 60. Kh2 Qxb7 61. Rf8 Kg6 62. Rh8 Qc7+ 63. Kg2 e5 64. Kg3 e4+ 65. Kg2 Qc2+ 66. Kg3 Qd3+ 67. Kh4 Kf5 68. Rg8 g5+ 0-1

[Event "Irkutsk Region-ch"]
[Site "Irkutsk"]
[Date "2014.10.25"]
[Round "8"]
[White "Krivonos, Nikolay"]
[Black "Khantuev, Alexander"]
[Result "0-1"]
[WhiteElo "2198"]
[BlackElo "2313"]
[PlyCount "72"]
[EventDate "2014.10.18"]
[EventType "tourn"]
[EventRounds "11"]
[EventCountry "RUS"]
[SourceTitle "CBM 163 Extra"]
[Source "ChessBase"]
[SourceDate "2014.12.23"]
[SourceVersion "1"]
[SourceVersionDate "2014.12.23"]
[SourceQuality "1"]

1. Nf3 e6 2. c4 b6 3. g3 Bb7 4. Bg2 c5 5. 0-0 Nf6 6. d4 cxd4 7. Nxd4 Bxg2 8. Kxg2 Qc7 9. b3 Be7 10. Bb2 0-0 11. Nc3 a6 12. Rc1 d6 13. e4 Nbd7 14. f3 Rfe8 15. Qe2 Qb7 16. Rfd1 Bf8 17. Nc2 Ne5 18. f4 Ned7 19. Kh3 h5 20. Rd2 Rab8 21. Ba3 b5 22. Bxd6 Bxd6 23. Rxd6 b4 24. Na4 e5 25. f5 Nxe4 26. Rxd7 Ng5+ 27. Kh4 Qxd7 28. Kxg5 f6+ 29. Kh4 Qxf5 30. Rf1 g5+ 31. Kxh5 Qh3+ 32. Kg6 Rb7 33. g4 Qh7+ 34. Kxf6 Rf8+ 35. Ke6 Qd7+ 36. Kxe5 Re8+ 0-1

[Event "Irkutsk Region-ch"]
[Site "Irkutsk"]
[Date "2014.10.20"]
[Round "3"]
[White "Rozhnev, Gennady"]
[Black "Krivonos, Nikolay"]
[Result "0-1"]
[WhiteElo "2109"]
[BlackElo "2198"]
[PlyCount "122"]
[EventDate "2014.10.18"]
[EventType "tourn"]
[EventRounds "11"]
[EventCountry "RUS"]
[SourceTitle "CBM 163 Extra"]
[Source "ChessBase"]
[SourceDate "2014.12.23"]
[SourceVersion "1"]
[SourceVersionDate "2014.12.23"]
[SourceQuality "1"]

1. e4 c6 2. d4 d5 3. Nc3 dxe4 4. Nxe4 Bf5 5. Ng3 Bg6 6. Nf3 Nd7 7. Bd3 e6 8. 0-0 Ngf6 9. Re1 Be7 10. c4 0-0 11. Bxg6 hxg6 12. Bf4 Re8 13. Qb3 Qb6 14. Qxb6 Nxb6 15. b3 Nbd7 16. Rad1 a5 17. Ne5 a4 18. Nd3 axb3 19. axb3 Ra3 20. Rb1 Rea8 21. Bc1 Ra2 22. Bb2 Ba3 23. f3 Bxb2 24. Rxb2 Rxb2 25. Nxb2 Ra3 26. Re3 c5 27. Ne2 Ra1+ 28. Kf2 Ra2 29. Na4 cxd4 30. Rd3 e5 31. Ke1 Ne8 32. Rd1 Nc7 33. Rd2 Ra3 34. Nc1 Na6 35. Ra2 Rxa2 36. Nxa2 f5 37. Nc1 Nb4 38. Nb2 Nc5 39. Ke2 e4 40. fxe4 fxe4 41. Kd2 Kf7 42. Nd1 Ke6 43. Ke2 Ke5 44. Kd2 g5 45. g3 e3+ 46. Nxe3 dxe3+ 47. Kxe3 g4 48. Kd2 Ke4 49. Kc3 Nbd3 50. Na2 Ke3 51. b4 Ne4+ 52. Kc2 Ne1+ 53. Kb3 Nf3 54. b5 Nxh2 55. Nc3 Nxg3 56. c5 Nf5 57. Kc4 g3 58. Nd5+ Kf3 59. c6 bxc6 60. b6 g2 61. Kc5 cxd5 0-1

[Event "Bratsk Region-ch"]
[Site "Bratsk"]
[Date "2013.10.26"]
[Round "8"]
[White "Solovjov, Alexandr"]
[Black "Krivonos, Nikolay"]
[Result "1/2-1/2"]
[WhiteElo "2187"]
[BlackElo "2183"]
[PlyCount "23"]
[EventDate "2013.10.19"]
[EventType "swiss"]
[EventRounds "9"]
[EventCountry "RUS"]
[SourceTitle "EXT 2014"]
[Source "ChessBase"]
[SourceDate "2013.11.20"]
[SourceVersion "1"]
[SourceVersionDate "2013.11.20"]
[SourceQuality "1"]

1. e4 c6 2. d4 d5 3. Nc3 dxe4 4. Nxe4 Bf5 5. Ng3 Bg6 6. Nf3 Nd7 7. h4 h6 8. Bd3 Bxd3 9. Qxd3 Ngf6 10. Bd2 e6 11. 0-0-0 Be7 12. Ne5 1/2-1/2

[Event "Bratsk Region-ch"]
[Site "Bratsk"]
[Date "2013.10.24"]
[Round "6"]
[White "Petrov, Andrey A"]
[Black "Krivonos, Nikolay"]
[Result "0-1"]
[WhiteElo "2044"]
[BlackElo "2183"]
[PlyCount "108"]
[EventDate "2013.10.19"]
[EventType "swiss"]
[EventRounds "9"]
[EventCountry "RUS"]
[SourceTitle "EXT 2014"]
[Source "ChessBase"]
[SourceDate "2013.11.20"]
[SourceVersion "1"]
[SourceVersionDate "2013.11.20"]
[SourceQuality "1"]

1. e4 c6 2. Nc3 d5 3. Nf3 dxe4 4. Nxe4 Bf5 5. Ng3 Bg6 6. h4 h6 7. Ne5 Qd6 8. Nxg6 Qxg6 9. d4 Qe6+ 10. Be2 Nf6 11. Qd3 Nbd7 12. c4 Nb6 13. h5 Qd7 14. Bf4 e6 15. 0-0-0 Be7 16. Be5 Qd8 17. f4 Nbd7 18. Qc3 Nxe5 19. dxe5 Nd7 20. f5 Qc7 21. fxe6 fxe6 22. Bg4 Qxe5 23. Qxe5 Nxe5 24. Bxe6 Bg5+ 25. Kb1 Ke7 26. Bh3 Rhd8 27. Rde1 Bf6 28. Rhf1 Kd6 29. Ne4+ Kc7 30. Nxf6 gxf6 31. Rxf6 Nxc4 32. Rf2 Rd6 33. Bf5 b5 34. g4 Rad8 35. Bc2 a5 36. b3 Na3+ 37. Kb2 b4 38. Ree2 Rg8 39. Rf4 Rg5 40. Rf5 Rxg4 41. Rxa5 Rh4 42. Bg6 Nb5 43. Ra8 Rh1 44. Rae8 Rdd1 45. Bc2 Rdg1 46. R2e4 Rg2 47. R8e7+ Kb6 48. Rxb4 Rhh2 49. Rc4 Nd4 50. Rxd4 Rxc2+ 51. Kb1 Rb2+ 52. Kc1 Rxa2 53. Rb4+ Kc5 54. Ra4 Rh1+ 0-1

[Event "Irkutsk Baykal op"]
[Site "Irkutsk"]
[Date "2013.06.06"]
[Round "6"]
[White "Grekhneva, Alena"]
[Black "Krivonos, Nikolay"]
[Result "1-0"]
[WhiteElo "1669"]
[BlackElo "2243"]
[PlyCount "111"]
[EventDate "2013.06.01"]
[EventType "swiss"]
[EventRounds "9"]
[EventCountry "RUS"]
[SourceTitle "CBM 155 Extra"]
[Source "ChessBase"]
[SourceDate "2013.08.26"]
[SourceVersion "1"]
[SourceVersionDate "2013.08.26"]
[SourceQuality "1"]

1. d4 d5 2. c4 dxc4 3. e3 Be6 4. Nc3 c6 5. Nf3 h6 6. Ne5 Nd7 7. Nxc4 Ngf6 8. Bd3 Bxc4 9. Bxc4 e5 10. Qb3 Qe7 11. Qxb7 Rb8 12. Qxc6 exd4 13. Na4 dxe3 14. Bxe3 Qb4+ 15. Nc3 Qxb2 16. 0-0 Qb7 17. Qxb7 Rxb7 18. Ba6 Rc7 19. Nb5 Rc6 20. Bb7 Rc2 21. Rfe1 Be7 22. Bxa7 Kf8 23. a4 Bb4 24. Rec1 Rxc1+ 25. Rxc1 g5 26. Rc8+ Kg7 27. Rxh8 Kxh8 28. Nd4 Bc5 29. Bxc5 Nxc5 30. a5 Nfd7 31. Bc8 Nb8 32. Nb5 Nca6 33. Bxa6 Nxa6 34. Kf1 Kg7 35. Ke2 Kf6 36. Kd3 Ke5 37. Kc4 h5 38. Nc3 h4 39. Kb5 Nb8 40. Na4 g4 41. Kb6 Kd6 42. Kb7 Nc6 43. a6 f5 44. Nc3 Kc5 45. g3 hxg3 46. fxg3 Kd6 47. Kb6 Kd7 48. Nb5 Ne7 49. Nd4 Nc8+ 50. Kb7 Nd6+ 51. Kb8 Nc8 52. a7 Nxa7 53. Kxa7 f4 54. gxf4 Kd6 55. f5 Ke5 56. Kb6 1-0

[Event "Irkutsk Region-ch"]
[Site "Irkutsk"]
[Date "2012.10.31"]
[Round "13"]
[White "Krivonos, Nikolay"]
[Black "Demikhov, Maxim"]
[Result "1-0"]
[WhiteElo "2244"]
[BlackElo "1938"]
[PlyCount "87"]
[EventDate "2012.10.19"]
[EventType "tourn"]
[EventRounds "13"]
[EventCountry "RUS"]
[SourceTitle "EXT 2014"]
[Source "ChessBase"]
[SourceDate "2013.11.20"]
[SourceVersion "1"]
[SourceVersionDate "2013.11.20"]
[SourceQuality "1"]

1. c4 e6 2. Nc3 b6 3. e4 c5 4. g3 Bb7 5. Bg2 d6 6. Nge2 Ne7 7. 0-0 Nbc6 8. b3 g6 9. d4 Bg7 10. Be3 0-0 11. Rc1 e5 12. dxe5 dxe5 13. Nd5 Nd4 14. Qd2 Bxd5 15. cxd5 f5 16. Bg5 fxe4 17. Bxe4 Rc8 18. Rfe1 Qd7 19. Nc3 Nef5 20. Qd3 Nd6 21. Bg2 Rce8 22. Ne4 Nxe4 23. Bxe4 Qg4 24. Be3 Rd8 25. Bg2 Nf3+ 26. Bxf3 Qxf3 27. Rcd1 Rd6 28. Rd2 Rfd8 29. Qc4 h6 30. Red1 Kh7 31. Rd3 e4 32. R3d2 Qf5 33. Bf4 Be5 34. Bxe5 Qxe5 35. Re1 Rxd5 36. Rxd5 Qxd5 37. Qa4 Rd7 38. Rxe4 Qd1+ 39. Kg2 Qd5 40. f3 Qd2+ 41. Kh3 Qd3 42. Qc6 Qf1+ 43. Kg4 Rf7 44. Rf4 1-0

[Event "Irkutsk Region-ch"]
[Site "Irkutsk"]
[Date "2012.10.20"]
[Round "2"]
[White "Krivonos, Nikolay"]
[Black "Obolenskikh, Dmitry Aleksandrovi"]
[Result "1/2-1/2"]
[WhiteElo "2244"]
[BlackElo "2496"]
[PlyCount "91"]
[EventDate "2012.10.19"]
[EventType "tourn"]
[EventRounds "13"]
[EventCountry "RUS"]
[SourceTitle "EXT 2014"]
[Source "ChessBase"]
[SourceDate "2013.11.20"]
[SourceVersion "1"]
[SourceVersionDate "2013.11.20"]
[SourceQuality "1"]

1. e4 e6 2. d4 d5 3. Nd2 Be7 4. Ngf3 Nf6 5. Bd3 c5 6. dxc5 dxe4 7. Nxe4 Nxe4 8. Bxe4 Qxd1+ 9. Kxd1 Bxc5 10. Ke2 Nd7 11. c3 Ke7 12. Be3 Bxe3 13. Kxe3 Nf6 14. Rhd1 Nxe4 15. Kxe4 Bd7 16. Ne5 Be8 17. f4 Rc8 18. Rd4 f6 19. Nf3 h6 20. Ke3 g5 21. g3 Bc6 22. c4 Rhd8 23. Rxd8 Rxd8 24. Nd4 Bd7 25. Ne2 Rc8 26. Rc1 a5 27. b3 Rc5 28. Rc3 e5 29. fxe5 Rxe5+ 30. Kf2 Bg4 31. Re3 Rxe3 32. Kxe3 Bxe2 33. Kxe2 Kd6 34. Kd3 Ke5 35. a3 f5 36. b4 axb4 37. axb4 f4 38. gxf4+ gxf4 39. h3 f3 40. Ke3 f2 41. Kxf2 Kd4 42. c5 Kc4 43. Ke3 Kxb4 44. Kd4 h5 45. h4 Ka4 46. Ke4 1/2-1/2

[Event "Irkutsk Region-ch"]
[Site "Irkutsk"]
[Date "2012.10.19"]
[Round "1"]
[White "Khantuev, Alexander"]
[Black "Krivonos, Nikolay"]
[Result "1/2-1/2"]
[WhiteElo "2348"]
[BlackElo "2244"]
[PlyCount "158"]
[EventDate "2012.10.19"]
[EventType "tourn"]
[EventRounds "13"]
[EventCountry "RUS"]
[SourceTitle "EXT 2014"]
[Source "ChessBase"]
[SourceDate "2013.11.20"]
[SourceVersion "1"]
[SourceVersionDate "2013.11.20"]
[SourceQuality "1"]

1. e4 c6 2. c4 d5 3. cxd5 cxd5 4. exd5 Qxd5 5. Nc3 Qa5 6. d4 Nf6 7. Bc4 e6 8. Nf3 a6 9. 0-0 Be7 10. Re1 Qc7 11. Bb3 0-0 12. Bg5 Nc6 13. Qe2 Qd8 14. Rad1 Nd5 15. Bc1 Bb4 16. Bc2 g6 17. Qd2 Re8 18. a3 Bf8 19. Ne5 Nxc3 20. Qxc3 Bd7 21. Ng4 Bg7 22. Qf3 Rc8 23. Nh6+ Bxh6 24. Bxh6 Ne7 25. Qf6 Nf5 26. Qxd8 Rcxd8 27. Bg5 Rc8 28. Be4 Nd6 29. Bf3 Bc6 30. Bxc6 Rxc6 31. Bf6 Rcc8 32. g4 h6 33. h4 Rc2 34. b3 Rec8 35. d5 Ne8 36. Bd4 exd5 37. Re7 R2c7 38. Re5 Rd7 39. Be3 Nf6 40. f3 Kh7 41. g5 Re8 42. Bd4 Rxe5 43. Bxe5 Ne8 44. Kf2 f6 45. gxf6 Kg8 46. Ke3 Kf7 47. Kd4 Nxf6 48. Rc1 Ng8 49. Bf4 Ne7 50. b4 Nf5+ 51. Kd3 Kf6 52. a4 Nxh4 53. Bxh6 g5 54. f4 gxf4 55. Bxf4 Nf5 56. b5 axb5 57. axb5 Rh7 58. Rc8 Rh3+ 59. Kd2 Rb3 60. Rc5 Ke6 61. Bc7 Nd6 62. Kc2 Rb4 63. Kc3 Rb1 64. Kc2 Rb4 65. Kc3 Rc4+ 66. Rxc4 Nxc4 67. Kd4 Nd6 68. Kc5 Nc8 69. Bg3 b6+ 70. Kc6 d4 71. Kc7 d3 72. Be1 Kd5 73. Kxc8 Kc5 74. Kd7 Kxb5 75. Kd6 Kc4 76. Ke5 Kb3 77. Kd4 Kc2 78. Kc4 d2 79. Bxd2 Kxd2 1/2-1/2

[Event "St Petersburg Botvinnik Memorial op"]
[Site "St Petersburg"]
[Date "2012.08.26"]
[Round "2"]
[White "Krivonos, Nikolay"]
[Black "Kabanov, Nikolai"]
[Result "0-1"]
[WhiteElo "2258"]
[BlackElo "2501"]
[PlyCount "120"]
[EventDate "2012.08.25"]
[EventType "swiss"]
[EventRounds "9"]
[EventCountry "RUS"]
[SourceTitle "CBM 150 Extra"]
[Source "ChessBase"]
[SourceDate "2012.10.19"]
[SourceVersion "1"]
[SourceVersionDate "2012.10.19"]
[SourceQuality "1"]

1. c4 g6 2. Nc3 Bg7 3. d4 d6 4. Nf3 Nd7 5. g3 e5 6. e4 exd4 7. Nxd4 Ne7 8. Bg2 Nc6 9. Nxc6 bxc6 10. 0-0 0-0 11. Qc2 a5 12. Rb1 Re8 13. b3 Nc5 14. Be3 Ne6 15. Rbd1 Bd7 16. Rfe1 c5 17. e5 Bxe5 18. Bxa8 Qxa8 19. Nd5 a4 20. Qd3 axb3 21. axb3 Qb7 22. h4 c6 23. Nf4 Nd4 24. Bxd4 cxd4 25. Qf3 h5 26. Rd2 Bg4 27. Qe4 Re7 28. Qb1 Bxf4 29. gxf4 c5 30. Rxe7 Qxe7 31. Qd3 Qxh4 32. Ra2 Qe7 33. f3 Be6 34. Qe4 Kg7 35. Rg2 Qf6 36. Ra2 Qh4 37. Rg2 Qf6 38. Ra2 Kh6 39. Rg2 Bf5 40. Qe8 d3 41. Qe3 Qc3 42. Kh2 Kg7 43. Qg1 Qxb3 44. Qa1+ Kh7 45. Qf6 Qxc4 46. Qxd6 Qc3 47. Ra2 Be6 48. Ra8 Qd2+ 49. Kg3 Qe1+ 50. Kg2 Qe2+ 51. Kg1 d2 52. Rd8 Qe1+ 53. Kg2 h4 54. Qxd2 Bh3+ 55. Kh2 Qg3+ 56. Kh1 Qxf3+ 57. Kh2 Qg3+ 58. Kh1 Bg4 59. Rd3 Bf3+ 60. Rxf3 Qxf3+ 0-1

[Event "St Petersburg Botvinnik Memorial op"]
[Site "St Petersburg"]
[Date "2012.08.25"]
[Round "1"]
[White "Levdansky, Alexey"]
[Black "Krivonos, Nikolay"]
[Result "0-1"]
[WhiteElo "1716"]
[BlackElo "2258"]
[PlyCount "130"]
[EventDate "2012.08.25"]
[EventType "swiss"]
[EventRounds "9"]
[EventCountry "RUS"]
[SourceTitle "CBM 150 Extra"]
[Source "ChessBase"]
[SourceDate "2012.10.19"]
[SourceVersion "1"]
[SourceVersionDate "2012.10.19"]
[SourceQuality "1"]

1. Nf3 f5 2. d4 g6 3. c4 Nf6 4. Nc3 Bg7 5. g3 0-0 6. Bg2 d6 7. 0-0 Qe8 8. Re1 Qf7 9. b3 Ne4 10. Bb2 Nc6 11. e3 e5 12. dxe5 dxe5 13. Rb1 h6 14. Rf1 Rd8 15. Qe2 Nxc3 16. Bxc3 e4 17. Nd4 Nxd4 18. Bxd4 Bxd4 19. exd4 Rxd4 20. Rbd1 Rxd1 21. Rxd1 Be6 22. Qe3 Kh7 23. f3 exf3 24. Qxf3 c6 25. Qf4 Re8 26. Rd6 Qe7 27. Rd1 Bc8 28. Kh1 Rd8 29. Rf1 h5 30. Qf2 a6 31. Re1 Qf7 32. h3 Re8 33. Rd1 Qe7 34. Qf4 Be6 35. Kh2 Bf7 36. h4 Kg7 37. Qd4+ Qf6 38. Qxf6+ Kxf6 39. Rd7 Re7 40. Rd6+ Ke5 41. Rd2 Be6 42. Rd1 Rd7 43. Re1+ Kf6 44. Re2 c5 45. Bh1 b6 46. Bg2 f4 47. Bd5 fxg3+ 48. Kxg3 Bxd5 49. cxd5 Rxd5 50. Re8 Rd3+ 51. Kf4 Rd4+ 52. Kg3 Kf5 53. Rb8 Rd3+ 54. Kg2 Rd6 55. Kf3 Ke5 56. Ke3 Kd5 57. Rg8 c4 58. bxc4+ Kxc4 59. Rc8+ Kb4 60. Rc2 b5 61. Rb2+ Ka4 62. Rg2 b4 63. Ke4 a5 64. Ke5 Ra6 65. Kd4 Ka3 0-1

[Event "Angarsk op"]
[Site "Angarsk"]
[Date "2011.10.27"]
[Round "6"]
[White "Alexeev, Sergey"]
[Black "Krivonos, Nikolay"]
[Result "0-1"]
[WhiteElo "2127"]
[BlackElo "2270"]
[PlyCount "88"]
[EventDate "2011.10.23"]
[EventType "swiss"]
[EventRounds "9"]
[EventCountry "RUS"]
[SourceTitle "EXT 2012"]
[Source "ChessBase"]
[SourceDate "2011.11.24"]
[SourceVersion "1"]
[SourceVersionDate "2011.11.24"]
[SourceQuality "1"]

1. e4 e5 2. Nf3 Nc6 3. Bb5 Nd4 4. Nxd4 exd4 5. 0-0 Bc5 6. d3 Ne7 7. Bg5 0-0 8. Nd2 f6 9. Bc4+ Kh8 10. Bh4 c6 11. Qh5 d5 12. exd5 cxd5 13. Bb3 a5 14. a4 Be6 15. Rae1 Qd7 16. h3 Rad8 17. Re2 Ng6 18. Bg3 Bf7 19. Qf3 Kg8 20. Rfe1 Ra8 21. h4 h6 22. h5 Ne7 23. Bh4 Ra6 24. Bg3 Rd8 25. Bf4 Kf8 26. Nf1 b5 27. axb5 Qxb5 28. Ng3 a4 29. Ba2 Qxb2 30. c4 Qb7 31. Bxh6 gxh6 32. Qf4 Ng8 33. Qg4 Ne7 34. Rxe7 Bxe7 35. Nf5 Re6 36. Qg7+ Ke8 37. Rxe6 Bxe6 38. Nxd4 Bf7 39. cxd5 Rxd5 40. Nf5 Qc6 41. Bc4 Bf8 42. Qh7 a3 43. g4 Rd7 44. Qh8 Bxc4 0-1

[Event "Angarsk op"]
[Site "Angarsk"]
[Date "2011.10.24"]
[Round "3"]
[White "Krivonos, Nikolay"]
[Black "Khantuev, Alexander"]
[Result "1/2-1/2"]
[WhiteElo "2270"]
[BlackElo "2347"]
[PlyCount "168"]
[EventDate "2011.10.23"]
[EventType "swiss"]
[EventRounds "9"]
[EventCountry "RUS"]
[SourceTitle "EXT 2012"]
[Source "ChessBase"]
[SourceDate "2011.11.24"]
[SourceVersion "1"]
[SourceVersionDate "2011.11.24"]
[SourceQuality "1"]

1. c4 Nf6 2. Nc3 e6 3. e4 c5 4. e5 Ng8 5. Nf3 d6 6. exd6 Nc6 7. d4 cxd4 8. Nxd4 Bxd6 9. Ndb5 Bb8 10. Qxd8+ Nxd8 11. Be3 a6 12. Nd4 Nf6 13. Be2 Ba7 14. 0-0 Bd7 15. Rac1 Rc8 16. b3 Nc6 17. Rfd1 Nxd4 18. Bxd4 Bxd4 19. Rxd4 Ke7 20. Bf3 Rc7 21. Ne4 Bc6 22. Ng5 h6 23. Bxc6 bxc6 24. Nf3 c5 25. Rd3 Nd7 26. Rcd1 a5 27. Nd2 Ne5 28. Re3 Nc6 29. Ne4 Nb4 30. Re2 Rd8 31. Rxd8 Kxd8 32. Rd2+ Ke7 33. a3 Na6 34. Kf1 f5 35. Nc3 Rb7 36. Rd3 Nb8 37. Na4 Nd7 38. f4 Rc7 39. Ke2 Nf6 40. Nc3 Rb7 41. Kd2 g5 42. g3 Rb8 43. Re3 Kf7 44. Kc2 Rg8 45. Rf3 h5 46. fxg5 Rxg5 47. Na4 Nd7 48. Kc3 Rg4 49. Re3 h4 50. Kd2 e5 51. Ke2 e4 52. Kf2 Rg8 53. Re2 Rb8 54. Re3 Ne5 55. Rc3 h3 56. Ke3 Ng4+ 57. Kf4 Nxh2 58. Nxc5 Nf3 59. Rc1 Nd4 60. Rh1 Nxb3 61. Nd7 Rh8 62. Kxf5 Nd2 63. Ne5+ Kg7 64. Kf4 h2 65. Ke3 Rd8 66. Ke2 Kf6 67. Ng4+ Kg5 68. Nxh2 Nxc4 69. Rc1 Rd2+ 70. Ke1 Rd4 71. Rc3 a4 72. Nf1 Ne5 73. Ke2 Nc4 74. Ne3 Ne5 75. Rc5 Kf6 76. Ra5 Nf3 77. Nd5+ Kg5 78. Nb6+ Kg4 79. Rxa4 Kxg3 80. Ke3 Rd6 81. Nc4 Rd4 82. Nb6 Rd6 83. Rb4 Rd3+ 84. Kxe4 Rxa3 1/2-1/2

[Event "Sibiria Region-ch"]
[Site "Irkutsk"]
[Date "2010.05.19"]
[Round "6"]
[White "Goryachkin, Alexander"]
[Black "Krivonos, Nikolay"]
[Result "0-1"]
[WhiteElo "2124"]
[BlackElo "2295"]
[PlyCount "68"]
[EventDate "2010.05.15"]
[EventType "swiss"]
[EventRounds "9"]
[EventCountry "RUS"]
[SourceTitle "CBM 136 Extra"]
[Source "ChessBase"]
[SourceDate "2010.07.02"]
[SourceVersion "2"]
[SourceVersionDate "2010.07.15"]
[SourceQuality "1"]

1. e4 d5 2. exd5 Qxd5 3. Nc3 Qa5 4. d4 Nf6 5. Nf3 c6 6. Bc4 Bf5 7. Bd2 Qb6 8. Qe2 e6 9. 0-0-0 Nbd7 10. Nh4 Bg6 11. Nxg6 hxg6 12. Bxe6 fxe6 13. Qxe6+ Kd8 14. Rhe1 Bb4 15. Qf7 a5 16. Qxg7 Rg8 17. Qf7 Rf8 18. Qxg6 Bxc3 19. Bxc3 Qb5 20. d5 Nxd5 21. Bg7 Kc7 22. Qg3+ Kb6 23. Bxf8 Rxf8 24. Qd6 Rf7 25. Rd3 Ka7 26. Rb3 Qc4 27. Qa3 b6 28. Qd6 Nc5 29. Ra3 Rxf2 30. Qg6 Nb4 31. Kb1 Rxc2 32. Qg7+ Ka6 33. Rd1 Rc1+ 34. Rxc1 Qe4+ 0-1